| 000 | 00373nam a22001097a 4500 | ||
|---|---|---|---|
| 082 | _a621.3192 INF'P | ||
| 100 |
_aPROCEEDINGS OF THE SYMPOSIUM _974706 |
||
| 245 | _aINFORMATION NETWORKS AND MODERN NETWORKS SYNTHESIS MICROWAVE RESEARCH INSTITUTE SYMPOSIC SERIES HELD AT NEWYORK ON 12-14 APR, 1954 | ||
| 250 | _aVOL-III | ||
| 260 |
_aNEWYORK _bINTERSERIES _c1955 |
||
| 942 | _cBK | ||
| 999 |
_c585268 _d585268 |
||